00562nam a22001937a 450000500170000001000150001702000260003202000240005803500130008203700130009508200080010810000160011624500630013226000400019527000560023530000390029150000200033070000180035020150415163727.0 aENG-112686 a9781259062858c599.00 a12590662856c599.00 aEN-96218 bDBAD/PUB a546 aGarg, Rajni aInorganic chemistry / cby Rajni Garg [and] Randhir Singh  aNoida bMcGraw Hill Educationc2015 aB-4, Sector-63, Gautam Budh Nagar, bNoida e201301 avarious pagings :c25cm(pbk)bill. aIncludes index  aRandhir Singh